Catálogo

ATLAS DE ZOOLOGIA : (Registro nro. 3243)

Detalles MARC
000 -LEADER
fixed length control field 00450nam a2200169 a 4500
001 - CONTROL NUMBER
control field 3243
005 - DATE AND TIME OF LATEST TRANSACTION
control field 20180713183201.0
008 - FIXED-LENGTH DATA ELEMENTS--GENERAL INFORMATION
fixed length control field 140415s1982 sp 000 0 spa d
041 ## - LANGUAGE CODE
Language code of text/sound track or separate title spa
082 ## - DEWEY DECIMAL CLASSIFICATION NUMBER
Classification number 592
Item number HAR
100 1# - MAIN ENTRY--PERSONAL NAME
Personal name HARO VERA, A. DE
245 10 - TITLE STATEMENT
Title ATLAS DE ZOOLOGIA :
Remainder of title INVERTEBRADOS
250 ## - EDITION STATEMENT
Edition statement 18A ED.
260 ## - PUBLICATION, DISTRIBUTION, ETC.
Place of publication, distribution, etc. ESPAÑA :
Name of publisher, distributor, etc. EDICIONES JOVER,
Date of publication, distribution, etc. 1982
300 ## - PHYSICAL DESCRIPTION
Extent 82
650 14 - SUBJECT ADDED ENTRY--TOPICAL TERM
Topical term or geographic name entry element INVERTEBRADOS
General subdivision ATLAS
-- ZOOLOGIA
-- ATLAS
Existencias
Withdrawn status Lost status Source of classification or shelving scheme Damaged status Not for loan Collection code Home library Current library Shelving location Date acquired Source of acquisition Inventory number Total Checkouts Full call number Barcode Date last seen Price effective from Koha item type
    Dewey Decimal Classification     Referencia Biblioteca Karol Wojtyla Biblioteca Karol Wojtyla Área de silencio 03/12/2013 Compra 151000000000000000067817   592 HAR 14215 05/01/2026 10/01/2017 Libro R